[Event "15. Obert Internacional Pobla de Lillet"]
[Site "Pobla de Lillet ESP"]
[Date "2005.08.08"]
[Round "7.12"]
[White "Miralles Brugues, Rafael"]
[Black "Rodriguez Fontecha, Marcos"]
[Result "1-0"]
[WhiteElo "2059"]
[BlackElo "2179"]
[PlyCount "171"]
[EventDate "2005.08.02"]
[EventType "swiss"]
[EventRounds "9"]
[EventCountry "ESP"]
[SourceTitle "Ajedrez en Madrid"]
[Source "lmi"]
[SourceDate "2005.08.11"]
[SourceVersion "1"]
[SourceVersionDate "2020.06.30"]
[SourceQuality "1"]

1. d4 d5 2. Nf3 c6 3. c3 Bf5 4. Qb3 Qb6 5. Bf4 e6 6. Nbd2 Nf6 7. e3 Be7 8. Be2
O-O 9. O-O Nbd7 10. h3 h6 11. c4 c5 12. dxc5 Qxb3 13. Nxb3 Nxc5 14. Nxc5 Bxc5
15. Rfd1 Rac8 16. Rac1 a6 17. Be5 dxc4 18. Bxf6 gxf6 19. Bxc4 e5 20. Nh4 Be4
21. Bd5 Bxd5 22. Rxd5 Bb4 23. Rcd1 b5 24. Nf5 Kh7 25. Rd7 Kg6 26. g4 Rc2 27. a3
Ba5 28. b4 Bc7 29. Ne7+ Kg7 30. Nf5+ Kh7 31. Nd6 Kg6 32. Ne4 Ra8 33. R1d5 Rc6
34. Re7 Bb6 35. Rdd7 Rf8 36. Rb7 f5 37. gxf5+ Kxf5 38. Ng3+ Kg6 39. Rxe5 Bd8
40. Rd5 Bf6 41. Ne4 Bb2 42. Rd3 Rfc8 43. Nc5 R8c7 44. Rxc7 Rxc7 45. Rd6+ Kh5
46. Rxa6 Rc8 47. Ra5 Kh4 48. Nd3 Kxh3 49. Rxb5 Bxa3 50. Rh5+ Kg4 51. Rxh6 Kg5
52. Ra6 Rc3 53. Ne5 f6 54. Nd7 Bxb4 55. Nxf6 Rc2 56. Ne4+ Kg4 57. Kg2 Kf5 58.
Ng3+ Ke5 59. Ra1 Kd5 60. Kf3 Bc3 61. Rh1 Ke5 62. Ne2 Bb4 63. Nd4 Rc8 64. Rh5+
Kd6 65. Ke4 Re8+ 66. Kd3 Be1 67. Rf5 Ra8 68. Nc2 Ba5 69. f4 Ke6 70. Nd4+ Kd6
71. e4 Be1 72. Rd5+ Ke7 73. e5 Bg3 74. Ke4 Ra4 75. Ra5 Rb4 76. Kd5 Ke8 77. Ra8+
Kf7 78. e6+ Kf6 79. Rf8+ Ke7 80. Rg8 Rxd4+ 81. Kxd4 Bxf4 82. Kd5 Bc1 83. Rc8
Bd2 84. Rc7+ Kd8 85. e7+ Ke8 86. Ke6 1-0

[Event "15. Obert Internacional Pobla de Lillet"]
[Site "Pobla de Lillet ESP"]
[Date "2005.08.08"]
[Round "7.13"]
[White "Fabre Massana, Miquel"]
[Black "Del Valle Cirera, Adria"]
[Result "1-0"]
[WhiteElo "2136"]
[BlackElo "1934"]
[PlyCount "31"]
[EventDate "2005.08.02"]
[EventType "swiss"]
[EventRounds "9"]
[EventCountry "ESP"]
[SourceTitle "Ajedrez en Madrid"]
[Source "lmi"]
[SourceDate "2005.08.11"]
[SourceVersion "1"]
[SourceVersionDate "2020.06.30"]
[SourceQuality "1"]

1. e4 c5 2. Nf3 d6 3. d4 cxd4 4. Nxd4 Nf6 5. Nc3 a6 6. Be2 e5 7. Nb3 Be7 8. O-O
O-O 9. f4 exf4 10. Bxf4 Nc6 11. Qe1 Be6 12. Qg3 Rc8 13. Rad1 Bxb3 14. cxb3 Qb6+
15. Kh1 Nd4 16. Qf2 1-0

[Event "15. Obert Internacional Pobla de Lillet"]
[Site "Pobla de Lillet ESP"]
[Date "2005.08.08"]
[Round "7.14"]
[White "Camacho Collados, Marcos"]
[Black "Garcia Galeote, Lorenzo"]
[Result "1-0"]
[WhiteElo "2016"]
[BlackElo "2110"]
[PlyCount "41"]
[EventDate "2005.08.02"]
[EventType "swiss"]
[EventRounds "9"]
[EventCountry "ESP"]
[SourceTitle "Ajedrez en Madrid"]
[Source "lmi"]
[SourceDate "2005.08.11"]
[SourceVersion "1"]
[SourceVersionDate "2020.06.30"]
[SourceQuality "1"]

1. e4 Nc6 2. d4 d5 3. e5 Bf5 4. c3 f6 5. f4 e6 6. Ne2 Bg4 7. Qb3 Na5 8. Qa4+ c6
9. Ng3 b5 10. Qc2 f5 11. Bd3 Qh4 12. O-O Ne7 13. a4 bxa4 14. Qxa4 Nb7 15. b4
Kf7 16. b5 cxb5 17. Qxb5 Nd8 18. Qd7 Ndc6 19. Ba3 Rd8 20. Bxe7 Rxd7 21. Bxh4
1-0

[Event "15. Obert Internacional Pobla de Lillet"]
[Site "Pobla de Lillet ESP"]
[Date "2005.08.08"]
[Round "7.15"]
[White "Ruiz Manchon, Francesc Xavier"]
[Black "Garcia Garrido, Enric"]
[Result "1-0"]
[WhiteElo "2101"]
[BlackElo "1991"]
[PlyCount "109"]
[EventDate "2005.08.02"]
[EventType "swiss"]
[EventRounds "9"]
[EventCountry "ESP"]
[SourceTitle "Ajedrez en Madrid"]
[Source "lmi"]
[SourceDate "2005.08.11"]
[SourceVersion "1"]
[SourceVersionDate "2020.06.30"]
[SourceQuality "1"]

1. e4 e5 2. f4 d5 3. exd5 exf4 4. Nf3 c6 5. d4 Bd6 6. dxc6 Nxc6 7. Be2 Nge7 8.
O-O O-O 9. c4 Bg4 10. Nc3 a6 11. c5 Bb8 12. d5 Bxf3 13. Bxf3 Ne5 14. b4 Nxf3+
15. Qxf3 Be5 16. d6 Ng6 17. Rb1 Nh4 18. Qh3 f3 19. Nd5 fxg2 20. Rf2 Ng6 21.
Rxg2 Bxd6 22. cxd6 Qxd6 23. Rd2 Rad8 24. Bb2 Qe6 25. Qe3 f6 26. Rbd1 Ne5 27.
Qg3 Kh8 28. Bxe5 fxe5 29. a3 Rd7 30. Ne3 Rxd2 31. Rxd2 Qc6 32. Rf2 Qc1+ 33. Nf1
Rxf2 34. Qxf2 Qg5+ 35. Ng3 Qc1+ 36. Kg2 Kg8 37. Qf3 Qb2+ 38. Kh3 Qc1 39. Qd5+
Kf8 40. Qc5+ Qxc5 41. bxc5 Ke7 42. Ne4 Ke6 43. Kg4 Kd5 44. Kf3 Kc6 45. Ke3 b5
46. cxb6 Kxb6 47. Ng5 h6 48. Nf7 Ka5 49. Nxe5 Ka4 50. Kd3 Kxa3 51. Kc3 a5 52.
h4 g5 53. h5 Ka4 54. Ng4 Kb5 55. Nxh6 1-0

[Event "15. Obert Internacional Pobla de Lillet"]
[Site "Pobla de Lillet ESP"]
[Date "2005.08.08"]
[Round "7.16"]
[White "Parayre Soguero, Jordi"]
[Black "Sanfeliu Fabregas, Albert"]
[Result "1-0"]
[WhiteElo "1997"]
[BlackElo "2087"]
[PlyCount "75"]
[EventDate "2005.08.02"]
[EventType "swiss"]
[EventRounds "9"]
[EventCountry "ESP"]
[SourceTitle "Ajedrez en Madrid"]
[Source "lmi"]
[SourceDate "2005.08.11"]
[SourceVersion "1"]
[SourceVersionDate "2020.06.30"]
[SourceQuality "1"]

1. d4 Nf6 2. Nf3 g6 3. c4 Bg7 4. Nc3 c5 5. d5 d6 6. e4 O-O 7. Bd3 e6 8. O-O
exd5 9. cxd5 a6 10. a4 Re8 11. h3 Nbd7 12. Re1 Rb8 13. Bf4 Qc7 14. Qc2 c4 15.
Bf1 b5 16. axb5 axb5 17. Nd2 Nc5 18. Rad1 Bd7 19. e5 dxe5 20. d6 Qb7 21. Rxe5
Rxe5 22. Bxe5 Bf5 23. Qc1 Nfd7 24. Bxg7 Kxg7 25. Nf3 b4 26. Nd5 c3 27. Bc4 c2
28. Re1 Bd3 29. Qe3 Be4 30. Qd4+ f6 31. Ng5 Re8 32. Nc7 Re5 33. f4 Rxg5 34.
fxg5 Qb6 35. Ne8+ Kh8 36. Nxf6 Nd3 37. Qxb6 Nxe1 38. Qd8+ 1-0

[Event "15. Obert Internacional Pobla de Lillet"]
[Site "Pobla de Lillet ESP"]
[Date "2005.08.09"]
[Round "8.2"]
[White "Hanley, Craig"]
[Black "Alonso Moyano, Jonathan"]
[Result "0-1"]
[WhiteElo "2367"]
[BlackElo "2406"]
[PlyCount "114"]
[EventDate "2005.08.02"]
[EventType "swiss"]
[EventRounds "9"]
[EventCountry "ESP"]
[SourceTitle "Ajedrez en Madrid"]
[Source "lmi"]
[SourceDate "2005.08.11"]
[SourceVersion "1"]
[SourceVersionDate "2020.06.30"]
[SourceQuality "1"]

1. d4 f5 2. Nf3 Nf6 3. g3 g6 4. Bg2 Bg7 5. O-O O-O 6. c4 d6 7. Nc3 Qe8 8. d5
Na6 9. Rb1 Bd7 10. b4 c6 11. dxc6 bxc6 12. Qa4 Nc7 13. Qa5 Ne6 14. Rd1 Ne4 15.
Nxe4 fxe4 16. Ng5 Rf5 17. Nxe6 Rxa5 18. Nxg7 Kxg7 19. bxa5 Qc8 20. Bxe4 Qa6 21.
Bd2 Qxc4 22. Bd3 Qa4 23. Bc3+ Kf7 24. Ba6 c5 25. Bb7 Rd8 26. Bd5+ e6 27. Bb3
Qe4 28. Rd3 c4 29. f3 Qc6 30. Bxc4 Qxc4 31. Rb7 Qa6 32. Rb4 Bb5 33. Re3 Bc4 34.
Kf2 Rc8 35. h4 Bd5 36. Rf4+ Kg8 37. h5 e5 38. Rg4 Rc4 39. Rxc4 Qxc4 40. hxg6
hxg6 41. a3 Kf7 42. Bb4 Ke6 43. Rd3 Kd7 44. Ke3 Qc6 45. g4 g5 46. Kf2 Qc4 47.
Rd1 e4 48. Ke1 exf3 49. exf3 Bxf3 50. Rxd6+ Ke8 51. Kd2 Bxg4 52. Rh6 Qf4+ 53.
Kc2 Bf5+ 54. Kc3 Qe3+ 55. Kc4 Be6+ 56. Kb5 Qd3+ 57. Kc5 Qd5# 0-1

[Event "15. Obert Internacional Pobla de Lillet"]
[Site "Pobla de Lillet ESP"]
[Date "2005.08.09"]
[Round "8.3"]
[White "Movsziszian, Karen"]
[Black "Camacho Collados, Jose"]
[Result "1-0"]
[WhiteElo "2439"]
[BlackElo "2236"]
[PlyCount "83"]
[EventDate "2005.08.02"]
[EventType "swiss"]
[EventRounds "9"]
[EventCountry "ESP"]
[SourceTitle "Ajedrez en Madrid"]
[Source "lmi"]
[SourceDate "2005.08.11"]
[SourceVersion "1"]
[SourceVersionDate "2020.06.30"]
[SourceQuality "1"]

1. Nf3 Nf6 2. g3 g6 3. Bg2 Bg7 4. O-O O-O 5. d4 d5 6. c4 dxc4 7. Na3 Nc6 8.
Nxc4 Be6 9. b3 Bd5 10. Bb2 a5 11. Ne3 Be4 12. a3 Ra6 13. Nc4 Bd5 14. Rc1 Ne4
15. Qd3 f5 16. Rfd1 Nd6 17. Ng5 Bxg2 18. Kxg2 Nf7 19. Nxf7 Qd5+ 20. Qf3 Qxf3+
21. exf3 Kxf7 22. d5 Nb8 23. Bxg7 Kxg7 24. Ne5 Kf6 25. f4 Rb6 26. Rxc7 Rd8 27.
Rd3 Na6 28. Rd7 Rc8 29. d6 Nc5 30. Rc7 Nxd3 31. Nd7+ Kf7 32. Nxb6 Rd8 33. Rxe7+
Kg8 34. d7 Kf8 35. Rxh7 Nc5 36. b4 axb4 37. axb4 Ne6 38. Nd5 b5 39. h4 Kg8 40.
Re7 Ng7 41. Nc7 Kf8 42. Rxg7 1-0

[Event "15. Obert Internacional Pobla de Lillet"]
[Site "Pobla de Lillet ESP"]
[Date "2005.08.09"]
[Round "8.5"]
[White "Kosten, Anthony C"]
[Black "Bernal Moro, Luis Javier"]
[Result "1-0"]
[WhiteElo "2522"]
[BlackElo "2431"]
[PlyCount "80"]
[EventDate "2005.08.02"]
[EventType "swiss"]
[EventRounds "9"]
[EventCountry "ESP"]
[SourceTitle "Ajedrez en Madrid"]
[Source "lmi"]
[SourceDate "2005.08.11"]
[SourceVersion "1"]
[SourceVersionDate "2020.06.30"]
[SourceQuality "1"]

1. c4 d6 2. Nc3 e5 3. g3 Nc6 4. Bg2 g6 5. e3 Bg7 6. Nge2 Nge7 7. d3 Bg4 8. h3
Be6 9. Nd5 Qd7 10. O-O O-O 11. Kh2 f5 12. Rb1 g5 13. f4 gxf4 14. exf4 Ng6 15.
b4 Nd8 16. Bb2 c6 17. Ne3 Nf7 18. d4 exf4 19. Nxf4 Nxf4 20. Rxf4 d5 21. cxd5
cxd5 22. Qh5 Nd6 23. Bxd5 Bxd5 24. Nxd5 Rae8 25. Rh4 h6 26. Nf4 Qa4 27. Qd1
Qxa2 28. Nh5 Bh8 29. Nf4 Bg7 30. Ng6 Rf7 31. Ne5 Rc7 32. Rf4 Ne4 33. Kg1 Nxg3
34. Rf2 Qd5 35. Kh2 Ne4 36. Rg2 Ng5 37. Qh5 Rec8 38. Rbg1 f4 39. Qg6 f3 40. Rf2
Rf8 1-0

[Event "15. Obert Internacional Pobla de Lillet"]
[Site "Pobla de Lillet ESP"]
[Date "2005.08.09"]
[Round "8.6"]
[White "Granero Roca, Antonio"]
[Black "Baron Rodriguez, Jesus"]
[Result "1/2-1/2"]
[WhiteElo "2342"]
[BlackElo "2445"]
[PlyCount "110"]
[EventDate "2005.08.02"]
[EventType "swiss"]
[EventRounds "9"]
[EventCountry "ESP"]
[SourceTitle "Ajedrez en Madrid"]
[Source "lmi"]
[SourceDate "2005.08.11"]
[SourceVersion "1"]
[SourceVersionDate "2020.06.30"]
[SourceQuality "1"]

1. d4 Nf6 2. c4 e6 3. Nf3 Bb4+ 4. Bd2 a5 5. g3 d5 6. a3 Be7 7. Bg2 dxc4 8. Qc2
b5 9. a4 c6 10. Ne5 Nd5 11. O-O O-O 12. axb5 cxb5 13. Nc3 f6 14. Ng4 b4 15.
Nxd5 exd5 16. Ne3 Be6 17. Nxc4 Nc6 18. Ne3 Nxd4 19. Qd3 Bc5 20. b3 Qd7 21. Bc1
Rfd8 22. Rd1 Qf7 23. Bb2 Nxb3 24. Qxb3 d4 25. Qc2 Rac8 26. Nf1 Bb3 27. Qd3 a4
28. Rdb1 Bf8 29. Rc1 Bc4 30. Rxc4 Qxc4 31. Qxc4+ Rxc4 32. Rxa4 Rc2 33. Ba1 Rxe2
34. Bf3 d3 35. Ne3 b3 36. Nd1 Bc5 37. Ra5 Rc2 38. Rb5 Bxf2+ 39. Nxf2 Rc1+ 40.
Kg2 Rxa1 41. Rxb3 d2 42. Nd1 Ra5 43. Kf2 h5 44. Be2 Re5 45. Re3 Rf5+ 46. Rf3
Re5 47. Re3 Rf5+ 48. Rf3 Rxf3+ 49. Bxf3 g6 50. Ke3 Kg7 51. Be2 f5 52. Bd3 Ra8
53. Kxd2 Ra2+ 54. Bc2 Kf6 55. Ne3 Ra1 1/2-1/2

[Event "15. Obert Internacional Pobla de Lillet"]
[Site "Pobla de Lillet ESP"]
[Date "2005.08.09"]
[Round "8.7"]
[White "Burmakin, Vladimir"]
[Black "Miralles Brugues, Rafael"]
[Result "1-0"]
[WhiteElo "2558"]
[BlackElo "2059"]
[PlyCount "58"]
[EventDate "2005.08.02"]
[EventType "swiss"]
[EventRounds "9"]
[EventCountry "ESP"]
[SourceTitle "Ajedrez en Madrid"]
[Source "lmi"]
[SourceDate "2005.08.11"]
[SourceVersion "1"]
[SourceVersionDate "2020.06.30"]
[SourceQuality "1"]

1. d4 c6 2. c4 Nf6 3. Nf3 d5 4. e3 g6 5. Nc3 Bg7 6. Qb3 O-O 7. Bd2 dxc4 8. Bxc4
Qb6 9. O-O Qxb3 10. Bxb3 Bf5 11. Rfc1 Nbd7 12. Be1 Rfd8 13. h3 Rac8 14. Ng5 e6
15. e4 Bh6 16. exf5 Bxg5 17. fxe6 fxe6 18. Bxe6+ Kg7 19. Rd1 Re8 20. d5 cxd5
21. Bxd7 Nxd7 22. Rxd5 Ne5 23. Ne4 Bf4 24. Bc3 Rxc3 25. Nxc3 Kf6 26. Kf1 Nc4
27. Rd4 Nd2+ 28. Kg1 Kf5 29. Rd1 a6 1-0

[Event "15. Obert Internacional Pobla de Lillet"]
[Site "Pobla de Lillet ESP"]
[Date "2005.08.09"]
[Round "8.8"]
[White "Pogorelov, Ruslan"]
[Black "Camacho Collados, Marcos"]
[Result "1-0"]
[WhiteElo "2442"]
[BlackElo "2016"]
[PlyCount "47"]
[EventDate "2005.08.02"]
[EventType "swiss"]
[EventRounds "9"]
[EventCountry "ESP"]
[SourceTitle "Ajedrez en Madrid"]
[Source "lmi"]
[SourceDate "2005.08.11"]
[SourceVersion "1"]
[SourceVersionDate "2020.06.30"]
[SourceQuality "1"]

1. Nf3 Nf6 2. c4 g6 3. Nc3 Bg7 4. e4 d6 5. d4 O-O 6. Be2 Na6 7. O-O e5 8. Be3
Ng4 9. Bg5 Qe8 10. dxe5 dxe5 11. h3 f6 12. Bd2 Nh6 13. c5 Nxc5 14. Qc1 Nf7 15.
Nd5 Ne6 16. Bb4 c5 17. Bxc5 Nxc5 18. Qxc5 b6 19. Qa3 Qd8 20. Rfd1 Re8 21. Rac1
Bf8 22. Qa4 Bd7 23. Qxd7 Qxd7 24. Nxf6+ 1-0

[Event "15. Obert Internacional Pobla de Lillet"]
[Site "Pobla de Lillet ESP"]
[Date "2005.08.09"]
[Round "8.9"]
[White "Bruned, Yvain"]
[Black "Parayre Soguero, Jordi"]
[Result "1-0"]
[WhiteElo "2328"]
[BlackElo "1997"]
[PlyCount "87"]
[EventDate "2005.08.02"]
[EventType "swiss"]
[EventRounds "9"]
[EventCountry "ESP"]
[SourceTitle "Ajedrez en Madrid"]
[Source "lmi"]
[SourceDate "2005.08.11"]
[SourceVersion "1"]
[SourceVersionDate "2020.06.30"]
[SourceQuality "1"]

1. e4 c5 2. Nf3 e6 3. d4 cxd4 4. Nxd4 a6 5. Bd3 Nf6 6. O-O Qc7 7. Qe2 d6 8. c4
Be7 9. Nc3 O-O 10. Be3 b6 11. Rac1 Nbd7 12. a3 Bb7 13. b4 Rfd8 14. f4 g6 15.
Nb3 Rac8 16. h3 Qb8 17. Qf2 d5 18. cxd5 exd5 19. e5 Ne4 20. Nxe4 dxe4 21. Bb1
Bd5 22. Ba2 Rxc1 23. Rxc1 Rc8 24. Rd1 Be6 25. Nd4 Bxa2 26. Qxa2 Nf8 27. Qd5 Qa8
28. Qxa8 Rxa8 29. Nc6 Bh4 30. Bxb6 Rc8 31. Rc1 Kg7 32. Kh2 Ne6 33. Be3 g5 34.
g3 gxf4 35. gxf4 Kf8 36. a4 Bd8 37. b5 axb5 38. axb5 Ke8 39. f5 Bg5 40. Bxg5
Nxg5 41. b6 Nf3+ 42. Kg3 Nd4 43. b7 Nxf5+ 44. Kf2 1-0

[Event "15. Obert Internacional Pobla de Lillet"]
[Site "Pobla de Lillet ESP"]
[Date "2005.08.09"]
[Round "8.10"]
[White "Gallart Zafra, Jaume"]
[Black "Bruned, Boris"]
[Result "1/2-1/2"]
[WhiteElo "2077"]
[BlackElo "2212"]
[PlyCount "99"]
[EventDate "2005.08.02"]
[EventType "swiss"]
[EventRounds "9"]
[EventCountry "ESP"]
[SourceTitle "Ajedrez en Madrid"]
[Source "lmi"]
[SourceDate "2005.08.11"]
[SourceVersion "1"]
[SourceVersionDate "2020.06.30"]
[SourceQuality "1"]

1. d3 c5 2. Nd2 Nc6 3. g3 d5 4. Bg2 e5 5. e4 Nge7 6. a4 Be6 7. Ngf3 f6 8. O-O
d4 9. Nc4 Qd7 10. Re1 O-O-O 11. Bd2 h5 12. h4 g6 13. Qc1 Ng8 14. b3 Bh6 15. a5
Bxd2 16. Qxd2 Nb4 17. Ra4 Nh6 18. Rea1 Qc7 19. Bf1 Nf7 20. c3 dxc3 21. Qxc3 Bg4
22. Ne1 Bd7 23. Rxb4 cxb4 24. Qxb4 Qc6 25. Nc2 Be6 26. a6 b6 27. N2a3 Qc5 28.
Qc3 Bxc4 29. Nxc4 Kb8 30. Qe1 Nd6 31. Rc1 Nxc4 32. dxc4 Qd4 33. Qb4 Qc5 34. Qe1
Qd6 35. c5 bxc5 36. Qa5 Qb6 37. Qxc5 Qxc5 38. Rxc5 Rd6 39. Bc4 Rb6 40. Kg2 Rh7
41. Kf3 Re7 42. Ke3 Rc7 43. Rd5 Kc8 44. f4 Re7 45. Kf3 Kc7 46. Ke3 Rd7 47. Rc5+
Rc6 48. Rb5 Rb6 49. Rc5+ Rc6 50. Rb5 1/2-1/2

[Event "15. Obert Internacional Pobla de Lillet"]
[Site "Pobla de Lillet ESP"]
[Date "2005.08.09"]
[Round "8.12"]
[White "Goldschmidt, Andreas"]
[Black "Ruiz Manchon, Francesc Xavier"]
[Result "0-1"]
[WhiteElo "1900"]
[BlackElo "2101"]
[PlyCount "50"]
[EventDate "2005.08.02"]
[EventType "swiss"]
[EventRounds "9"]
[EventCountry "ESP"]
[SourceTitle "Ajedrez en Madrid"]
[Source "lmi"]
[SourceDate "2005.08.11"]
[SourceVersion "1"]
[SourceVersionDate "2020.06.30"]
[SourceQuality "1"]

1. e4 c5 2. Nf3 e6 3. c3 Nf6 4. Bd3 Nc6 5. O-O d5 6. e5 Nd7 7. Re1 g5 8. h3 h5
9. Bb5 g4 10. Bxc6 bxc6 11. Nh2 gxh3 12. gxh3 Rg8+ 13. Kh1 Qg5 14. Rg1 Qxg1+
15. Qxg1 Rxg1+ 16. Kxg1 Nxe5 17. d4 Nd3 18. Nd2 Rb8 19. b3 cxd4 20. cxd4 Bg7
21. Ndf3 e5 22. Nxe5 Nxe5 23. Bf4 Nd7 24. Bc7 Ra8 25. Nf3 Nf8 0-1

[Event "15. Obert Internacional Pobla de Lillet"]
[Site "Pobla de Lillet ESP"]
[Date "2005.08.09"]
[Round "8.13"]
[White "Bruned, Vianney"]
[Black "Ayza Ballester, Jordi"]
[Result "0-1"]
[WhiteElo "1933"]
[BlackElo "2300"]
[PlyCount "60"]
[EventDate "2005.08.02"]
[EventType "swiss"]
[EventRounds "9"]
[EventCountry "ESP"]
[SourceTitle "Ajedrez en Madrid"]
[Source "lmi"]
[SourceDate "2005.08.11"]
[SourceVersion "1"]
[SourceVersionDate "2020.06.30"]
[SourceQuality "1"]

1. e4 c5 2. Nf3 Nc6 3. d4 cxd4 4. Nxd4 g6 5. Nc3 Bg7 6. Be3 Nf6 7. f3 O-O 8.
Qd2 d5 9. Nxc6 bxc6 10. O-O-O Be6 11. exd5 cxd5 12. Bb5 Qa5 13. Ba4 Rfd8 14.
Bd4 Qc7 15. Bb3 a5 16. Nb5 Qb7 17. a4 Qb8 18. Qe3 Ra6 19. Kb1 Rc6 20. Be5 Ng4
21. Bxb8 Nxe3 22. Bc7 Nxd1 23. Bxd8 Nxb2 24. Bxa5 Nxa4 25. Rd1 Ra6 26. Bb4 Nc5
27. Nd4 Nxb3 28. Nxb3 Bf6 29. c3 Rb6 30. Kb2 Rxb4 0-1

[Event "15. Obert Internacional Pobla de Lillet"]
[Site "Pobla de Lillet ESP"]
[Date "2005.08.09"]
[Round "8.14"]
[White "Sanchez Garcia, Manuel"]
[Black "Pascual Genoves, Marc"]
[Result "0-1"]
[WhiteElo "2010"]
[BlackElo "2246"]
[PlyCount "83"]
[EventDate "2005.08.02"]
[EventType "swiss"]
[EventRounds "9"]
[EventCountry "ESP"]
[SourceTitle "Ajedrez en Madrid"]
[Source "lmi"]
[SourceDate "2005.08.11"]
[SourceVersion "1"]
[SourceVersionDate "2020.06.30"]
[SourceQuality "1"]

1. e4 g6 2. d4 Bg7 3. c4 d6 4. Nc3 Nf6 5. f4 c5 6. d5 O-O 7. Nf3 e6 8. Bd3 exd5
9. cxd5 Bg4 10. h3 Bxf3 11. Qxf3 Nbd7 12. O-O a6 13. a4 Re8 14. Rb1 Rb8 15. Bd2
Qc7 16. b3 Re7 17. Rbe1 Rbe8 18. Nd1 b5 19. axb5 axb5 20. e5 dxe5 21. Bxb5 e4
22. Qe2 Nxd5 23. Qc4 Bd4+ 24. Kh1 e3 25. Qxd5 exd2 26. Rxe7 Rxe7 27. f5 Nf6 28.
Qf3 Ne4 29. g4 Ng3+ 30. Kg2 Nxf1 31. Bxf1 Qe5 32. f6 Qxf6 33. Qxf6 Bxf6 34. Kf3
Bd4 35. Be2 Kg7 36. g5 Re5 37. h4 Kf8 38. Bd3 Re8 39. Bc2 Ke7 40. Kg4 Ke6 41.
h5 Rg8 42. Kf4 0-1

[Event "15. Obert Internacional Pobla de Lillet"]
[Site "Pobla de Lillet ESP"]
[Date "2005.08.09"]
[Round "8.18"]
[White "Garcia Galeote, Lorenzo"]
[Black "Sola Lluch, Miquel"]
[Result "1-0"]
[WhiteElo "2110"]
[BlackElo "2085"]
[PlyCount "75"]
[EventDate "2005.08.02"]
[EventType "swiss"]
[EventRounds "9"]
[EventCountry "ESP"]
[SourceTitle "Ajedrez en Madrid"]
[Source "lmi"]
[SourceDate "2005.08.11"]
[SourceVersion "1"]
[SourceVersionDate "2020.06.30"]
[SourceQuality "1"]

1. d4 Nf6 2. c4 g6 3. Nc3 d6 4. e4 Bg7 5. Nge2 Nc6 6. d5 Nb8 7. Ng3 c5 8. Be2
a6 9. a4 h5 10. h3 Qc7 11. f4 h4 12. Nf1 Nh5 13. Bxh5 Rxh5 14. Nd2 f5 15. O-O
Nd7 16. exf5 Rxf5 17. Qg4 Nf8 18. Qxh4 Bd7 19. Nde4 Bd4+ 20. Kh1 Rh5 21. Qg3
O-O-O 22. Be3 Bxe3 23. Qxe3 Rh8 24. Ng5 Re8 25. Nce4 Nh7 26. Nxh7 Rxh7 27. Ng5
Rh5 28. Ne6 Bxe6 29. Qxe6+ Qd7 30. Rae1 Reh8 31. Rf3 Qxe6 32. Rxe6 Kd7 33. Rxg6
b5 34. b3 bxc4 35. bxc4 Rb8 36. Rg7 Rb4 37. Re3 Rxc4 38. Rexe7+ 1-0

[Event "15. Obert Internacional Pobla de Lillet"]
[Site "Pobla de Lillet ESP"]
[Date "2005.08.10"]
[Round "9.1"]
[White "Moskalenko, Viktor"]
[Black "Petkov, Vladimir"]
[Result "1-0"]
[WhiteElo "2534"]
[BlackElo "2475"]
[PlyCount "85"]
[EventDate "2005.08.02"]
[EventType "swiss"]
[EventRounds "9"]
[EventCountry "ESP"]
[SourceTitle "Ajedrez en Madrid"]
[Source "lmi"]
[SourceDate "2005.08.11"]
[SourceVersion "1"]
[SourceVersionDate "2020.06.30"]
[SourceQuality "1"]

1. c4 Nf6 2. Nc3 e6 3. d4 Bb4 4. a3 Bxc3+ 5. bxc3 O-O 6. f3 d5 7. cxd5 exd5 8.
e3 c5 9. Bd3 b6 10. Ne2 Ba6 11. O-O Bxd3 12. Qxd3 Nc6 13. e4 cxd4 14. cxd4 Ne8
15. a4 Nb4 16. Qb3 a5 17. Ba3 dxe4 18. fxe4 Nf6 19. Qf3 Qd7 20. d5 Rfe8 21. Ng3
Ng4 22. Bb2 Ne5 23. Bxe5 Rxe5 24. Nf5 f6 25. Rac1 Kh8 26. d6 Na6 27. Qb3 Rb8
28. Rfd1 Nc5 29. Qb5 Rb7 30. Ne7 g6 31. Nc6 Rg5 32. Qb2 Nxe4 33. Rc4 Kg7 34.
Rxe4 Qxc6 35. Re6 Rf7 36. d7 Qc5+ 37. Kh1 Rd5 38. d8=Q Rxd8 39. Rxd8 Qc4 40.
Re1 Qxa4 41. Qxb6 g5 42. Qd4 Qb3 43. Rd5 1-0

[Event "15. Obert Internacional Pobla de Lillet"]
[Site "Pobla de Lillet ESP"]
[Date "2005.08.10"]
[Round "9.2"]
[White "Alonso Moyano, Jonathan"]
[Black "Movsziszian, Karen"]
[Result "0-1"]
[WhiteElo "2406"]
[BlackElo "2439"]
[PlyCount "66"]
[EventDate "2005.08.02"]
[EventType "swiss"]
[EventRounds "9"]
[EventCountry "ESP"]
[SourceTitle "Ajedrez en Madrid"]
[Source "lmi"]
[SourceDate "2005.08.11"]
[SourceVersion "1"]
[SourceVersionDate "2020.06.30"]
[SourceQuality "1"]

1. e4 g6 2. d4 Bg7 3. Nc3 d6 4. Be3 c6 5. Qd2 b5 6. h4 h5 7. Nh3 Bxh3 8. Rxh3
Nd7 9. d5 cxd5 10. Nxd5 a6 11. Bd4 Ngf6 12. a4 Nxe4 13. Qe3 Nef6 14. Nxf6+ Bxf6
15. Bxf6 Nxf6 16. axb5 axb5 17. Bxb5+ Kf8 18. Ra7 Nd5 19. Qd4 e5 20. Rf3 Rxa7
21. Qxa7 Nf6 22. c4 Kg7 23. Rd3 Ne4 24. g3 Nc5 25. Rf3 Rf8 26. b4 Ne6 27. Bd7
Nd4 28. Rc3 Qe7 29. Qa4 Rb8 30. Rc1 Rb7 31. Bb5 Qe6 32. Rd1 Qg4 33. Qa2 Qe4+
0-1

[Event "15. Obert Internacional Pobla de Lillet"]
[Site "Pobla de Lillet ESP"]
[Date "2005.08.10"]
[Round "9.3"]
[White "Kosten, Anthony C"]
[Black "Hanley, Craig"]
[Result "1-0"]
[WhiteElo "2522"]
[BlackElo "2367"]
[PlyCount "29"]
[EventDate "2005.08.02"]
[EventType "swiss"]
[EventRounds "9"]
[EventCountry "ESP"]
[SourceTitle "Ajedrez en Madrid"]
[Source "lmi"]
[SourceDate "2005.08.11"]
[SourceVersion "1"]
[SourceVersionDate "2020.06.30"]
[SourceQuality "1"]

1. c4 Nf6 2. Nc3 g6 3. g3 Bg7 4. Bg2 O-O 5. e4 d6 6. Nge2 e5 7. O-O c6 8. d3 a6
9. h3 b5 10. Be3 Be6 11. b3 b4 12. Na4 Nfd7 13. d4 f5 14. d5 cxd5 15. exf5 1-0

[Event "15. Obert Internacional Pobla de Lillet"]
[Site "Pobla de Lillet ESP"]
[Date "2005.08.10"]
[Round "9.4"]
[White "Bruned, Yvain"]
[Black "Burmakin, Vladimir"]
[Result "1-0"]
[WhiteElo "2328"]
[BlackElo "2558"]
[PlyCount "31"]
[EventDate "2005.08.02"]
[EventType "swiss"]
[EventRounds "9"]
[EventCountry "ESP"]
[SourceTitle "Ajedrez en Madrid"]
[Source "lmi"]
[SourceDate "2005.08.11"]
[SourceVersion "1"]
[SourceVersionDate "2020.06.30"]
[SourceQuality "1"]

1. e4 c6 2. d4 d6 3. Nc3 g6 4. a4 Bg7 5. Be3 Nf6 6. Nf3 Ng4 7. Bg5 h6 8. Bf4 e5
9. dxe5 Qb6 10. Qd2 Qxb2 11. Rb1 Qa3 12. Rb3 Qc5 13. Nb5 O-O 14. Nc7 dxe5 15.
Be3 Nxe3 16. fxe3 1-0